| 000 -CABECERA |
| Longitud fija campo de control |
01501nam a2200337 i 4500 |
| 001 - NÚMERO DE CONTROL |
| Número de control |
991060788711606706 |
| 003 - IDENTIFICADOR DEL NÚMERO DE CONTROL |
| Identificador del número de control |
OSt |
| 005 - FECHA Y HORA DE LA ÚLTIMA TRANSACCIÓN |
| Fecha y hora de la última transacción |
20230523111044.0 |
| 008 - CÓDIGOS DE INFORMACIÓN DE LONGITUD FIJA |
| Códigos de información de longitud fija |
221026s2022 spca||| |||| 0|0 0 cat| |
| 015 ## - NÚMERO DE BIBLIOGRAFÍA NACIONAL |
| Número de bibliografía nacional |
LL2022 |
| Fuente |
bnc |
| 017 ## - NÚMERO DE COPYRIGHT O DE DEPÓSITO LEGAL |
| Número de copyright o de depósito legal |
DL GI 777-2020 |
| Agencia que asigna el número |
Biblioteca de Catalunya |
| 040 ## - FUENTE DE LA CATALOGACIÓN |
| Centro catalogador de origen |
ES-BaBC |
| Lengua de catalogación |
cat |
| Normas de descripción |
rda |
| Centro transcriptor |
CDMR |
| 043 ## - CÓDIGO DE ÁREA GEOGRÁFICA |
| Código de área geográfica |
e-sp--- |
| Código local GAC |
e-spcg- |
| Fuente del código local |
catmarc |
| 080 ## - NÚMERO DE LA CLASIFICACIÓN DECIMAL UNIVERSAL |
| Número de la Clasificación Decimal Universal |
77.092 |
| Subdivisión auxiliar común |
(460.233) |
| -- |
(083.824) |
| Identificador de la edición |
2004 |
| 080 ## - NÚMERO DE LA CLASIFICACIÓN DECIMAL UNIVERSAL |
| Número de la Clasificación Decimal Universal |
77.03 |
| Subdivisión auxiliar común |
(460.233) |
| -- |
(083.824) |
| Identificador de la edición |
2004 |
| 080 ## - NÚMERO DE LA CLASIFICACIÓN DECIMAL UNIVERSAL |
| Número de la Clasificación Decimal Universal |
616.2-022-036.22 |
| Subdivisión auxiliar común |
(083.824) |
| Identificador de la edición |
2004 |
| 245 00 - MENCIÓN DE TÍTULO |
| Título |
raholafoto2020 : |
| Resto del título |
fotografies presentades a l'onzena edició dels Premis Carles Rahola de Comunicació Local / |
| Mención de responsabilidad, etc. |
textos: Anna Estartús |
| 246 10 - VARIANTES DE TÍTULO |
| Título propio / Título en breve |
Rahola Foto 2020 |
| 264 #1 - PRODUCCIÓN, PUBLICACIÓN , DISTRIBUCIÓN, FABRICACIÓN Y COPYRIGHT |
| Lugar de producción, publicación, distribución, fabricación |
Girona : |
| Nombre del productor, editor, distribuidor, fabricante |
Diputació de Girona : |
| -- |
Demarcació de Girona del Col·legi de Periodistes de Catalunya, |
| Fecha de de producción, publicación, distribución, fabricación o copyright |
[2020] |
| 300 ## - DESCRIPCIÓN FÍSICA |
| Extensión |
42 pàgines sense numerar : |
| Otras características físicas |
principalment il·lustracions en color ; |
| Dimensiones |
21 x 21 cm |
| 500 ## - NOTA GENERAL |
| Nota general |
Catàleg de l'exposició |
| 505 8# - NOTA DE CONTENIDO CON FORMATO |
| Nota de contenido con formato |
Inclou 36 treballs presentats a l'11a edició del Premi Carles Rahola de Comunicació Local |
| 650 #7 - PUNTO DE ACCESO ADICIONAL DE MATERIA - TÉRMINO DE MATERIA |
| Término de materia o nombre geográfico como elemento inicial |
Fotografia documental |
| Subdivisión geográfica |
Catalunya |
| -- |
Girona (Província) |
| Subdivisión de materia general |
Exposicions. |
| Fuente del encabezamiento o término |
lemac |
| 650 #7 - PUNTO DE ACCESO ADICIONAL DE MATERIA - TÉRMINO DE MATERIA |
| Término de materia o nombre geográfico como elemento inicial |
Fotografia |
| Subdivisión de materia general |
Concursos |
| Subdivisión geográfica |
Catalunya |
| -- |
Girona (Província) |
| Subdivisión de materia general |
Exposicions. |
| Fuente del encabezamiento o término |
lemac |
| 651 #0 - PUNTO DE ACCESO ADICIONAL DE MATERIA - NOMBRE GEOGRÁFICO |
| 9 (RLIN) |
4609 |
| Nombre geográfico |
Catalunya |
| Subdivisión de forma |
Política i govern |
| Subdivisión cronológica |
S.XXI |
| Subdivisión de materia general |
Exposicions |
| 700 1# - PUNTO DE ACCESO ADICIONAL - NOMBRE DE PERSONA |
| Nombre de persona |
Estartús, Anna, |
| 711 2# - PUNTO DE ACCESO ADICIONAL - NOMBRE DE CONGRESO |
| Nombre de congreso o nombre de jurisdicción como elemento inicial |
Premis Carles Rahola de Comunicació Local |
| Número del congreso o número de parte o sección de la obra |
(11a : |
| Fecha del congreso |
2020 : |
| Sede del congreso |
Girona, Catalunya) |
| 908 ## - CONTROL DE PARÁMETROS (RLIN) |
| Parametro de comando lanzado |
BC |
| 940 ## - |
| T&íacute;tulo uniforme |
<a href="BC">BC</a> |
| 942 ## - ENTRADA DE ELEMENTOS AGREGADOS (KOHA) |
| Fuente de clasificaión o esquema |
|
| Koha [por defecto] tipo de item |
Fullets |